书目信息 |
| 题名: |
创漩
|
|
| 作者: | ;博报堂生活综研 (上海) 市场营销咨询有限公司 著 | |
| 分册: | ||
| 出版信息: | 上海 文汇出版社 2013 |
|
| 页数: | 119页 | |
| 开本: | 28cm | |
| 丛书名: | ||
| 单 册: | ||
| 中图分类: | B842 , D432.7 | |
| 科图分类: | ||
| 主题词: | 城市--青年--心理行为--研究--中国 | |
| 电子资源: | ||
| ISBN: | 978-7-5496-0793-8 | |
| 000 | 01281nam0 2200253 450 | |
| 001 | 2345841219 | |
| 005 | 20231205124444.32 | |
| 010 | @a978-7-5496-0793-8@dCNY68.00 | |
| 100 | @a20130713d2013 em y0chiy50 ea | |
| 101 | 0 | @achi |
| 102 | @aCN@b310000 | |
| 105 | @aak z 000yy | |
| 200 | 1 | @a创漩@Achuang xuan@e都市年轻人的行为特征及其心理洞察@f博报堂生活综研 (上海) 市场营销咨询有限公司著 |
| 210 | @a上海@c文汇出版社@d2013 | |
| 215 | @a119页@c彩图@d28cm | |
| 300 | @a生活者“动”察2013 | |
| 330 | @a本书从新颖的视角出发, 以独特的手法刻画出了当下都市年轻人的新行为特征, 生动可读。同时, 大量的数据分析及各种调查结果的引用又保证了该研究成果的客观准确性。标题所提到的“创漩”这一概念, 是对当下都市年轻人作的一次深层意义上的全新解读。书中还介绍了多种针对年轻人市场营销的新型手法。对于想尝试开拓中国新一代年轻人市场的读者来说, 这些手法具有很强的适用性和实用性。 | |
| 517 | 1 | @a都市年轻人的行为特征及其心理洞察@Adu shi nian qing ren de xing wei te zheng ji qi xin li dong cha |
| 606 | 0 | @a城市@x青年@x心理行为@x研究@y中国 |
| 690 | @aB842@v5 | |
| 690 | @aD432.7@v5 | |
| 711 | 02 | @a博报堂生活综研 (上海) 市场营销咨询有限公司@Abo bao tang sheng huo zong yan (shang hai) shi chang ying xiao zi xun you xian gong si@4著 |
| 801 | 0 | @aCN@b湖北三新@c20130713 |
| 905 | @aZUCC@dB842@e7 | |
| 创漩:都市年轻人的行为特征及其心理洞察/博报堂生活综研 (上海) 市场营销咨询有限公司著.-上海:文汇出版社,2013 |
| 119页:彩图;28cm |
| 生活者“动”察2013 |
| ISBN 978-7-5496-0793-8:CNY68.00 |
| 本书从新颖的视角出发, 以独特的手法刻画出了当下都市年轻人的新行为特征, 生动可读。同时, 大量的数据分析及各种调查结果的引用又保证了该研究成果的客观准确性。标题所提到的“创漩”这一概念, 是对当下都市年轻人作的一次深层意义上的全新解读。书中还介绍了多种针对年轻人市场营销的新型手法。对于想尝试开拓中国新一代年轻人市场的读者来说, 这些手法具有很强的适用性和实用性。 |
| ● |
| 相关链接 |
|
|
|
正题名:创漩
索取号:B842/7
 
预约/预借
| 序号 | 登录号 | 条形码 | 馆藏地/架位号 | 状态 | 备注 |
| 1 | 2001368552 | 2001368552 | 三新/湖北三新(第三批)/2133/ [索取号:B842/7] | 在馆 | |
| 2 | 2001368553 | 2001368553 | 三新/湖北三新(第三批)/2133/ [索取号:B842/7] | 在馆 | |
| 3 | 2001368554 | 2001368554 | 三新/湖北三新(第三批)/2133/ [索取号:B842/7] | 在馆 | |
| 4 | 2001368555 | 2001368555 | 三新/湖北三新(第三批)/2133/ [索取号:B842/7] | 在馆 | |
| 5 | 2001368556 | 2001368556 | 三新/湖北三新(第三批)/2133/ [索取号:B842/7] | 在馆 | |
| 6 | 2001368557 | 2001368557 | 三新/湖北三新(第三批)/2133/ [索取号:B842/7] | 在馆 | |
| 7 | 2001368558 | 2001368558 | 三新/湖北三新(第三批)/2133/ [索取号:B842/7] | 在馆 | |
| 8 | 2001368559 | 2001368559 | 三新/湖北三新(第三批)/2133/ [索取号:B842/7] | 在馆 | |
| 9 | 2001368560 | 2001368560 | 三新/湖北三新(第三批)/2133/ [索取号:B842/7] | 在馆 | |
| 10 | 2001368561 | 2001368561 | 三新/湖北三新(第三批)/2133/ [索取号:B842/7] | 在馆 | |
| 11 | 2001368562 | 2001368562 | 三新/湖北三新(第三批)/2133/ [索取号:B842/7] | 在馆 | |
| 12 | 2001368563 | 2001368563 | 三新/湖北三新(第三批)/2133/ [索取号:B842/7] | 在馆 | |
| 13 | 2001368564 | 2001368564 | 三新/湖北三新(第三批)/2133/ [索取号:B842/7] | 在馆 | |
| 14 | 2001368565 | 2001368565 | 三新/湖北三新(第三批)/2133/ [索取号:B842/7] | 在馆 |